LEADER 03516nam 22006972 450 001 9910457453103321 005 20151005020621.0 010 $a1-107-22612-0 010 $a1-139-19962-5 010 $a1-280-56839-9 010 $a9786613597991 010 $a1-139-20550-1 010 $a1-139-05125-3 010 $a1-139-20331-2 010 $a1-139-20629-X 010 $a1-139-20189-1 010 $a1-139-20471-8 035 $a(CKB)2550000000082828 035 $a(EBL)824448 035 $a(OCoLC)775869611 035 $a(SSID)ssj0000611313 035 $a(PQKBManifestationID)11412666 035 $a(PQKBTitleCode)TC0000611313 035 $a(PQKBWorkID)10666788 035 $a(PQKB)11556330 035 $a(UkCbUP)CR9781139051255 035 $a(MiAaPQ)EBC824448 035 $a(Au-PeEL)EBL824448 035 $a(CaPaEBR)ebr10533262 035 $a(CaONFJC)MIL359799 035 $a(EXLCZ)992550000000082828 100 $a20110307d2012|||| uy| 0 101 0 $aeng 135 $aur||||||||||| 181 $ctxt$2rdacontent 182 $cc$2rdamedia 183 $acr$2rdacarrier 200 10$aAnalyzing narrative $ediscourse and sociolinguistic perspectives /$fAnna De Fina and Alexandra Georgakopoulou$b[electronic resource] 210 1$aCambridge :$cCambridge University Press,$d2012. 215 $a1 online resource (xv, 223 pages) $cdigital, PDF file(s) 300 $aTitle from publisher's bibliographic system (viewed on 05 Oct 2015). 311 $a0-521-71513-X 311 $a0-521-88716-X 320 $aIncludes bibliographical references (p. 197-219) and index. 327 $aMachine generated contents note: 1. Narrative definitions, issues and approaches; 2. Narrative as text and structure; 3. Narrative and sociocultural variability; 4. Narrative interaction; 5. Narrative power, authority and ownership; 6. Narrative and identities. 330 $aThe socially minded linguistic study of storytelling in everyday life has been rapidly expanding. This book provides a critical engagement with this dynamic field of narrative studies, addressing long-standing questions such as definitions of narrative and views of narrative structure but also more recent preoccupations such as narrative discourse and identities, narrative language, power and ideologies. It also offers an overview of a wide range of methodologies, analytical modes and perspectives on narrative from conversation analysis to critical discourse analysis, to linguistic anthropology and ethnography of communication. The discussion engages with studies of narrative in multiple situational and cultural settings, from informal-intimate to institutional. It also demonstrates how recent trends in narrative analysis, such as small stories research, positioning analysis and sociocultural orientations, have contributed to a new paradigm that approaches narratives not simply as texts, but rather as complex communicative practices intimately linked with the production of social life. 606 $aNarration (Rhetoric) 606 $aDiscourse analysis$xSocial aspects 606 $aSociolinguistics 615 0$aNarration (Rhetoric) 615 0$aDiscourse analysis$xSocial aspects. 615 0$aSociolinguistics. 676 $a808.036 700 $aDe Fina$b Anna$0608369 702 $aGeorgakopoulou$b Alexandra 801 0$bUkCbUP 801 1$bUkCbUP 906 $aBOOK 912 $a9910457453103321 996 $aAnalyzing narrative$92477646 997 $aUNINA LEADER 00954nam2 22003013i 450 001 996536670003316 005 20230710101805.0 010 $a979-12-5472-062-2 100 $a20051111d2005----||||0itac50 ba 101 $aita 102 $aIT 200 1 $aAdamo, o Dell'eleganza$eper una estetica nel vestire$fFilippo de Pisis$ga cura di Bona de Pisis e Sandro Zanotto 210 1 $aMilano$cAbscondita$d2005 215 $a94 p., [11] carte di tav.$cill., 1 ritratto$d23 cm 225 2 $aCarte d'artisti$v68 410 0$1001000122838$12001$aCarte d'artisti$v68 606 0 $aEstetismo$2BNCF 676 $a858.9 700 1$aDE PISIS,$bFilippo$0170689 702 1$aZANOTTO,$bSandro 702 1$aDE PISIS,$bBona 801 0$aIT$bcba$bcba$gREICAT 912 $a996536670003316 951 $aXII.2. Coll. 47/ 175$b284225 L.M.$cXII.2. Coll. 47/$d555989 959 $aBK 969 $aUMA 996 $aAdamo, o Dell'eleganza$93393346 997 $aUNISA